000 00299nam a22001337a 4500
008 170608b xxu||||| |||| 00| 0 eng d
020 _a0876635362
041 _aeng
080 _23RD
_a94(4)
100 _a18
101 _aSHH
245 _aFROM THE YAROSLAVSKY STATION
_cPOND, E
942 _2udc
_cBK
999 _c16479
_d16479